La suite de... - Statistiques

Statistiques générales
  • Ce quiz a été pris 38 fois
  • Le résultat moyen est 15 sur 50
Statistiques - réponses
La suite de ... Suite % Correct
...Maman, j'ai raté l'avion Maman, j'ai encore raté l'avion
90%
...Harry Potter à l'école des sorciers Harry Potter et la Chambre des Secrets
81%
...Le Monde de Nemo Le Monde de Dory
74%
...Les Bronzés Les Bronzés font du ski
71%
...Ocean's Eleven Ocean's Twelve
65%
...Le Seigneur des Anneaux: La Communauté de l'Anneau Le Seigneur des Anneaux: Les Deux Tours
58%
...Naruto Naruto Shippuden
58%
...Avatar Avatar: La Voie de l'Eau
55%
...Dragon Ball Dragon Ball Z
55%
...Cinquante nuances de Grey Cinquante nuances plus sombres
48%
...Jurassic Park Le Monde perdu: Jurassic Park
45%
...Les Aventures de Tintin: Objectif Lune Les Aventures de Tintin: On a marché sur la Lune
42%
...Les Animaux fantastiques Les Animaux fantastiques: Les Crimes de Grindelwald
39%
...Star Wars Episode I: La menace Fantôme Star Wars Episode II: L'Attaque des Clones
39%
...Full Metal Alchemist Full Metal Alchemist Brotherhood
35%
...Les Visiteurs Les Couloirs du Temps: Les Visiteurs 2
35%
...Les Mondes de Ralph Ralph 2.0
35%
...Avengers Avengers: l'Ere d'Ultron
32%
...Le Hobbit: Un Voyage inattendu Le Hobbit: La Désolation de Smaug
32%
...Le Labyrinthe Le Labyrinthe: La Terre Brûlée
32%
...The Legend of Zelda: Breath of the Wild The Legend of Zelda: Tears of the Kingdom
32%
...Hunger Games Hunger Games: L'Embrasement
29%
...Pokémon Rouge et Bleu Pokémon Or et Argent
29%
...Shrek le troisième Shrek 4, il était une fin
29%
...Wii Sports Wii Sports Resort
29%
...Alien, le huitième passager Aliens, le retour
26%
...Aladdin Le Retour de Jafar
26%
...Pirates des Caraibes: La Malédiction du Black Pearl Pirates des Caraibes: Le Secret du coffre maudit
26%
...L'Age de Glace 2 L'Age de Glace 3: Le Temps des Dinosaures
23%
...Le Gendarme de Saint-Tropez Le Gendarme à New York
23%
...Matrix Matrix Reloaded
23%
...Super Smash Bros Super Smash Bros Melee
23%
...Fairy Tail Fairy Tail 100 years Quest
19%
...Le Monde de Narnia: Le Lion, La Sorcière Blanche et l'Armoire magique Le Monde de Narnia: Le Prince Caspian
19%
..Percy Jackson: Le Voleur de Foudre Percy Jackson: La Mer des Monstres
19%
...Twilight, chapitre I: Fascination Twilight, chapitre II: Tentation
16%
...X-Men Le Commencement X-Men: Days of Future Past
16%
...Indiana Jones: Les aventuriers de l'arche perdue Indiana Jones et le temple maudit
13%
...Jojo's Bizarre Adventure: Phantom Blood Jojo's Bizarre Adventure: Battle Tendency
13%
...Le Choc des Titans La Colère des Titans
10%
...La Planète des Singes: Les Origines La Planète des Singes: L'Affrontement
10%
...Les Fourmis Le Jour des Fourmis
10%
...Arthur et les Minimoys Arthur et la Vengeance de Maltazard
6%
...Pokémon Saison 1: La Ligue Indigo Pokémon Saison 2: La Ligue Orange
6%
...Terminator Terminator 2-Le Jugement dernier
6%
...Les Trois Mousquetaires Vingt ans après
6%
...Ben 10 Ben 10: Alien Force
3%
...King Kong Le Fils de King Kong
0%
...Godzilla Le Retour de Godzilla
0%
...Sherlock Holmes: Une étude en rouge Sherlock Holmes: Le Signe des quatre
0%
Aucun quiz correspondant
Distribution des résultats
% des personnes avec chaque résultat
Percentile par nombre de réponses
Votre historique - résultats
Vous n’avez pas pris ce quiz